000 00649nam a2200241Ia 4500
003 OSt
005 20220918214313.0
006 a|||||r|||| 00| 0
007 ta
008 220917b |||||||| |||| 00| 0 eng d
024 _a136,761
037 _cTextual
040 _aARTS
_cARTS
_beng
041 _2eng
_aeng
082 _aY:f, L4
100 _aMennell Stephen
_9130716
245 0 _aSociologial theory
_b uses and user
260 _aGreat
_bBritain Thomas Nelson
_c1974
300 _a189p.
_ccm.
650 _aRESEARCH METHODS; SOCIOLOGY
_9130717
942 _hY:f, L4
_cTEXL
_2CC
999 _c259851
_d259851